000 00389nam a2200133Ia 4500
005 20260328104251.0
008 260328s9999||||xx |||||||||||||| ||und||
100 _aSerrazanetti, Francesca
245 0 _aGiarcarlo de Carlo :
_b Inspiration and process in Architecture /
_cFrancesca Serrazanetti
260 _bMoleskine
300 _a144 p.
650 _aDIBUJO ARQUITECTÓNICO
942 _cBK
999 _c10263
_d10263